Catálogo
 En Linea

Artigas / (Registro nro. 5592)

Detalles MARC
000 -CABECERA
campo de control de longitud fija 00849cam a2200217 a 4500
001 - NÚMERO DE CONTROL
campo de control 000005796
005 - FECHA Y HORA DE LA ÚLTIMA TRANSACCIÓN
campo de control 20200929151804.0
008 - DATOS DE LONGITUD FIJA--INFORMACIÓN GENERAL
campo de control de longitud fija 880516r1985 uy 000 0 spa
010 ## - NÚMERO DE CONTROL DE LA BIBLIOTECA DEL CONGRESO
Número de control de LC 88883425
040 ## - FUENTE DE LA CATALOGACIÓN
Centro catalogador/agencia de origen DO-SdBNP
Centro/agencia transcriptor DLC
Centro/agencia modificador DLC
082 ## - NÚMERO DE LA CLASIFICACIÓN DECIMAL DEWEY
Número de clasificación 923.5895
Número de documento/Ítem A791R
100 1# - ENTRADA PRINCIPAL--NOMBRE DE PERSONA
Nombre de persona Ramírez, Carlos María,
Fechas asociadas al nombre 1848-1898.
9 (RLIN) 16322
245 10 - MENCIÓN DE TÍTULO
Título Artigas /
Mención de responsabilidad, etc. Carlos María Ramírez ; introducción del Ministro de Instrucción Pública, D. Justino Zavala Muñíz ; prólogo de Luis Bonavita.
260 ## - PUBLICACIÓN, DISTRIBUCIÓN, ETC.
Lugar de publicación, distribución, etc. Montevideo :
Nombre del editor, distribuidor, etc. Ministerio de Educación y Cultura,
Fecha de publicación, distribución, etc. 1985.
300 ## - DESCRIPCIÓN FÍSICA
Extensión xx, 421 [7]p. ;
Dimensiones 20 cm.
490 1# - MENCIÓN DE SERIE
Mención de serie Biblioteca Artigas
Designación de volumen o secuencia v. 1
490 1# - MENCIÓN DE SERIE
Mención de serie Clásicos uruguayos
Designación de volumen o secuencia v. 1
600 14 - PUNTO DE ACCESO ADICIONAL DE MATERIA--NOMBRE DE PERSONA
Nombre de persona ARTIGAS, JOSÉ GERVASIO,
Fechas asociadas al nombre 1764-1850
Subdivisión geográfica URUGUAY
9 (RLIN) 16398
830 #0 - PUNTO DE ACCESO ADICIONAL DE SERIE-TÍTULO UNIFORME
Título uniforme Biblioteca Artigas
Nombre de parte o sección de la obra Clásicos uruguayos ;
Designación de volumen o secuencia v. 1
9 (RLIN) 16276
910 ## - DATOS DE OPCIÓN DEL USUARIO (OCLC)
Datos de opción del usuario Catalogación por copia / LC
Existencias
Estado de retiro Estado de pérdida Restricciones de uso No para préstamo Código de colección Localización permanente Ubicación/localización actual Ubicación en estantería Fecha de adquisición Número de inventario Total de préstamos Signatura topográfica completa Código de barras Fecha visto por última vez Precio válido a partir de Tipo de ítem Koha
    Préstamo interno   Monografías: Libros y Folletos General General En catalogación 22.08.2009 LF1   923.5895 A791R 5796-10 25.06.2020 25.06.2020 Préstamo interno

Con tecnología Koha